| 000 | 00429nam a2200169Ia 4500 | ||
|---|---|---|---|
| 008 | 131103s9999 xx 000 0 und d | ||
| 040 | _aLoreto College | ||
| 041 | _aEnglish | ||
| 082 |
_aF/HEY _bLCLIB/ |
||
| 100 | _aHeyer,Georgette | ||
| 245 |
_aTo one who knows why _cGeorgette Heyer |
||
| 260 |
_a[s.l.] _b[s.n.] _c[19 - ?] |
||
| 300 |
_a220 p. _c 18 cm. |
||
| 650 | _aFiction in English | ||
| 850 | _aLCLIB | ||
| 942 | _cBK | ||
| 999 |
_c14841 _d65320 |
||